<?xml version="1.0" encoding="UTF-8"?>
<record
    xmlns:xsi="http://www.w3.org/2001/XMLSchema-instance"
    xsi:schemaLocation="http://www.loc.gov/MARC21/slim http://www.loc.gov/standards/marcxml/schema/MARC21slim.xsd"
    xmlns="http://www.loc.gov/MARC21/slim">

  <leader>02017nam0a2200385   4500</leader>
  <controlfield tag="001">RU\NLR\bibl\837200</controlfield>
  <controlfield tag="005">20260407120854.0</controlfield>
  <datafield tag="010" ind1=" " ind2=" ">
    <subfield code="a">5-94797-075-9</subfield>
    <subfield code="9">200</subfield>
  </datafield>
  <datafield tag="021" ind1=" " ind2=" ">
    <subfield code="a">RU</subfield>
    <subfield code="b">2005-44335</subfield>
    <subfield code="9">2183</subfield>
  </datafield>
  <datafield tag="035" ind1=" " ind2=" ">
    <subfield code="a">(NLR Aleph) 000826037</subfield>
  </datafield>
  <datafield tag="090" ind1=" " ind2=" ">
    <subfield code="a">1331133</subfield>
    <subfield code="c">1331133</subfield>
  </datafield>
  <datafield tag="100" ind1=" " ind2=" ">
    <subfield code="a">20050906d2005    |||y0rusy50      ca</subfield>
  </datafield>
  <datafield tag="101" ind1="0" ind2=" ">
    <subfield code="a">rus</subfield>
    <subfield code="a">eng</subfield>
  </datafield>
  <datafield tag="102" ind1=" " ind2=" ">
    <subfield code="a">RU</subfield>
  </datafield>
  <datafield tag="105" ind1=" " ind2=" ">
    <subfield code="a">ac  |||||||||</subfield>
  </datafield>
  <datafield tag="200" ind1="1" ind2=" ">
    <subfield code="a">&#x41D;&#x430;&#x443;&#x447;&#x43D;&#x44B;&#x435; &#x447;&#x442;&#x435;&#x43D;&#x438;&#x44F;, &#x43F;&#x43E;&#x441;&#x432;&#x44F;&#x449;&#x435;&#x43D;&#x43D;&#x44B;&#x435; 100-&#x43B;&#x435;&#x442;&#x438;&#x44E; &#x441;&#x43E; &#x434;&#x43D;&#x44F; &#x440;&#x43E;&#x436;&#x434;&#x435;&#x43D;&#x438;&#x44F; &#x430;&#x43A;&#x430;&#x434;&#x435;&#x43C;&#x438;&#x43A;&#x430; &#x412;&#x438;&#x43A;&#x442;&#x43E;&#x440;&#x430; &#x411;&#x43E;&#x440;&#x438;&#x441;&#x43E;&#x432;&#x438;&#x447;&#x430; &#x421;&#x43E;&#x447;&#x430;&#x432;&#x44B;</subfield>
    <subfield code="e">&#x43C;&#x430;&#x442;&#x435;&#x440;&#x438;&#x430;&#x43B;&#x44B; &#x43C;&#x435;&#x436;&#x434;&#x443;&#x43D;&#x430;&#x440;&#x43E;&#x434;&#x43D;&#x43E;&#x439; &#x43A;&#x43E;&#x43D;&#x444;&#x435;&#x440;&#x435;&#x43D;&#x446;&#x438;&#x438; (&#x418;&#x440;&#x43A;&#x443;&#x442;&#x441;&#x43A;, 20 - 21 &#x438;&#x44E;&#x43D;&#x44F; 2005 &#x433;.)</subfield>
    <subfield code="f">[&#x43E;&#x442;&#x432;. &#x440;&#x435;&#x434;.: &#x447;&#x43B;.-&#x43A;&#x43E;&#x440;. &#x420;&#x410;&#x41D; &#x412;. &#x410;. &#x421;&#x43D;&#x44B;&#x442;&#x43A;&#x43E;, &#x434;. &#x433;. &#x43D;. &#x42E;. &#x41C;. &#x421;&#x435;&#x43C;&#x435;&#x43D;&#x43E;&#x432;]</subfield>
  </datafield>
  <datafield tag="210" ind1=" " ind2=" ">
    <subfield code="a">&#x418;&#x440;&#x43A;&#x443;&#x442;&#x441;&#x43A;</subfield>
    <subfield code="c">&#x418;&#x437;&#x434;-&#x432;&#x43E; &#x418;&#x43D;&#x441;&#x442;&#x438;&#x442;&#x443;&#x442;&#x430; &#x433;&#x435;&#x43E;&#x433;&#x440;&#x430;&#x444;&#x438;&#x438;</subfield>
    <subfield code="d">2005</subfield>
  </datafield>
  <datafield tag="215" ind1=" " ind2=" ">
    <subfield code="a">151 &#x441;., [1] &#x43B;. &#x43F;&#x43E;&#x440;&#x442;&#x440;.</subfield>
    <subfield code="c">&#x438;&#x43B;.</subfield>
    <subfield code="d">29</subfield>
  </datafield>
  <datafield tag="300" ind1=" " ind2=" ">
    <subfield code="a">&#x412; &#x43D;&#x430;&#x434;&#x437;&#x430;&#x433;.: &#x420;&#x43E;&#x441;. &#x430;&#x43A;&#x430;&#x434;. &#x43D;&#x430;&#x443;&#x43A;, &#x421;&#x438;&#x431;. &#x43E;&#x442;&#x434;-&#x43D;&#x438;&#x435;, &#x418;&#x43D;-&#x442; &#x433;&#x435;&#x43E;&#x433;&#x440;&#x430;&#x444;&#x438;&#x438;, &#x420;&#x443;&#x441;. &#x433;&#x435;&#x43E;&#x433;&#x440;. &#x43E;-&#x432;&#x43E;, &#x412;&#x43E;&#x441;&#x442;.-&#x421;&#x438;&#x431;. &#x43E;&#x442;&#x434;-&#x43D;&#x438;&#x435;</subfield>
  </datafield>
  <datafield tag="300" ind1=" " ind2=" ">
    <subfield code="a">&#x427;&#x430;&#x441;&#x442;&#x44C; &#x442;&#x435;&#x43A;&#x441;&#x442;&#x430; &#x43D;&#x430; &#x430;&#x43D;&#x433;&#x43B;. &#x44F;&#x437;.</subfield>
  </datafield>
  <datafield tag="320" ind1=" " ind2=" ">
    <subfield code="a">&#x411;&#x438;&#x431;&#x43B;&#x438;&#x43E;&#x433;&#x440;. &#x432; &#x43A;&#x43E;&#x43D;&#x446;&#x435; &#x434;&#x43E;&#x43A;&#x43B;.</subfield>
  </datafield>
  <datafield tag="600" ind1=" " ind2="1">
    <subfield code="a">&#x421;&#x43E;&#x447;&#x430;&#x432;&#x430;</subfield>
    <subfield code="b">&#x412;.&#x411;.</subfield>
    <subfield code="f">1905 - 1978</subfield>
    <subfield code="g">&#x412;&#x438;&#x43A;&#x442;&#x43E;&#x440; &#x411;&#x43E;&#x440;&#x438;&#x441;&#x43E;&#x432;&#x438;&#x447;</subfield>
    <subfield code="9">1204498</subfield>
    <subfield code="3">RU\NLR\auth\66169722</subfield>
  </datafield>
  <datafield tag="606" ind1="1" ind2=" ">
    <subfield code="a">&#x413;&#x435;&#x43E;&#x433;&#x440;&#x430;&#x444;&#x438;&#x44F;</subfield>
    <subfield code="j">&#x421;&#x44A;&#x435;&#x437;&#x434;&#x44B;, &#x441;&#x43E;&#x432;&#x435;&#x449;&#x430;&#x43D;&#x438;&#x44F; &#x438; &#x442;.&#x43F;.</subfield>
    <subfield code="9">1002053</subfield>
    <subfield code="3">RU\NLR\auth\6662461</subfield>
  </datafield>
  <datafield tag="606" ind1="1" ind2=" ">
    <subfield code="a">&#x413;&#x435;&#x43E;&#x431;&#x43E;&#x442;&#x430;&#x43D;&#x438;&#x43A;&#x430;</subfield>
    <subfield code="j">&#x421;&#x44A;&#x435;&#x437;&#x434;&#x44B;, &#x441;&#x43E;&#x432;&#x435;&#x449;&#x430;&#x43D;&#x438;&#x44F; &#x438; &#x442;.&#x43F;.</subfield>
    <subfield code="9">1081578</subfield>
    <subfield code="3">RU\NLR\auth\66103985</subfield>
  </datafield>
  <datafield tag="686" ind1=" " ind2=" ">
    <subfield code="a">&#x414;8&#x434;(2)&#x421;&#x43E;&#x447;&#x430;&#x432;&#x430;</subfield>
  </datafield>
  <datafield tag="686" ind1=" " ind2=" ">
    <subfield code="a">&#x415;581.8&#x434;(2)&#x421;&#x43E;&#x447;&#x430;&#x432;&#x430;</subfield>
  </datafield>
  <datafield tag="686" ind1=" " ind2=" ">
    <subfield code="a">&#x414;8&#x44F;431(0)</subfield>
  </datafield>
  <datafield tag="686" ind1=" " ind2=" ">
    <subfield code="a">&#x415;581.8&#x44F;431(0)</subfield>
  </datafield>
  <datafield tag="710" ind1="1" ind2="2">
    <subfield code="4">070</subfield>
    <subfield code="a">&#x41D;&#x430;&#x443;&#x447;&#x43D;&#x44B;&#x435; &#x447;&#x442;&#x435;&#x43D;&#x438;&#x44F;, &#x43F;&#x43E;&#x441;&#x432;&#x44F;&#x449;&#x435;&#x43D;&#x43D;&#x44B;&#x435; 100-&#x43B;&#x435;&#x442;&#x438;&#x44E; &#x441;&#x43E; &#x434;&#x43D;&#x44F; &#x440;&#x43E;&#x436;&#x434;&#x435;&#x43D;&#x438;&#x44F; &#x412;.&#x411;. &#x421;&#x43E;&#x447;&#x430;&#x432;&#x44B;</subfield>
    <subfield code="f">2005</subfield>
    <subfield code="e">&#x418;&#x440;&#x43A;&#x443;&#x442;&#x441;&#x43A;</subfield>
    <subfield code="3">RU\NLR\AUTH\8810069382</subfield>
    <subfield code="9">640318</subfield>
  </datafield>
  <datafield tag="801" ind1=" " ind2="0">
    <subfield code="a">RU</subfield>
    <subfield code="b">NLR</subfield>
    <subfield code="c">20050906</subfield>
    <subfield code="g">rcr</subfield>
  </datafield>
  <datafield tag="801" ind1=" " ind2="1">
    <subfield code="a">RU</subfield>
    <subfield code="b">NLR</subfield>
    <subfield code="c">20050906</subfield>
  </datafield>
  <datafield tag="942" ind1=" " ind2=" ">
    <subfield code="c">BOOK</subfield>
  </datafield>
  <datafield tag="980" ind1=" " ind2=" ">
    <subfield code="a">NB</subfield>
  </datafield>
  <datafield tag="995" ind1=" " ind2=" ">
    <subfield code="5">2005-09-06</subfield>
    <subfield code="a">ad</subfield>
    <subfield code="b">NLR01</subfield>
    <subfield code="c">NLR01</subfield>
    <subfield code="e">RF3</subfield>
    <subfield code="f">987060</subfield>
    <subfield code="k">2005-8/2542</subfield>
    <subfield code="o">0</subfield>
    <subfield code="r">BOOK</subfield>
    <subfield code="s">200582542_</subfield>
  </datafield>
  <datafield tag="995" ind1=" " ind2=" ">
    <subfield code="5">2005-09-06</subfield>
    <subfield code="a">ad</subfield>
    <subfield code="b">NLR01</subfield>
    <subfield code="c">NLR01</subfield>
    <subfield code="e">RF3</subfield>
    <subfield code="f">987061</subfield>
    <subfield code="k">2005-8/2542</subfield>
    <subfield code="o">0</subfield>
    <subfield code="r">BOOK</subfield>
    <subfield code="s">200582542_</subfield>
  </datafield>
</record>
